[Event "33. Open Barbera del Valles 2010"]
[Site "Barbera del Valles ESP"]
[Date "2010.07.07"]
[Round "4.19"]
[White "Sanglas Clariana, Josep"]
[Black "Mestre Bellido, Hector"]
[Result "0-1"]
[WhiteElo "2207"]
[BlackElo "2404"]
[PlyCount "157"]
[EventDate "2010.07.04"]
[EventType "swiss"]
[EventRounds "9"]
[EventCountry "ESP"]
[Source "lmi"]
[SourceDate "2010.07.04"]

1. d4 d5 2. Nf3 Nf6 3. Bf4 c6 4. c3 Bf5 5. e3 Nbd7 6. Nbd2 Qb6 7. Qb3 Nh5 8.
Nh4 Be6 9. Be2 Nxf4 10. exf4 Nf6 11. Qc2 Qc7 12. f5 Bc8 13. O-O g6 14. Rae1
gxf5 15. Nxf5 e6 16. Bd3 Bd7 17. Nf3 O-O-O 18. Ng3 h5 19. Ne5 Be8 20. f4 Bd6
21. b4 Kb8 22. a4 h4 23. Ne2 Nh5 24. Qd2 Rg8 25. h3 f6 26. Ng4 Bg6 27. Bxg6
Rxg6 28. f5 exf5 29. Rxf5 Qh7 30. Qe3 Ka8 31. Ref1 Rdg8 32. R1f2 Bb8 33. Rxh5
Qxh5 34. Nxf6 Rxf6 35. Rxf6 Re8 36. Re6 Rf8 37. Kh1 Qf5 38. a5 a6 39. Ng1 Qb1
40. Qe1 Qd3 41. Nf3 Bg3 42. Re3 Qf5 43. Re8+ Ka7 44. Rxf8 Qxf8 45. Qe3 Qf5 46.
Ne5 Qb1+ 47. Qg1 Qb2 48. Nf3 Qxc3 49. Qb1 Bd6 50. Nxh4 Qxd4 51. Nf5 Qxb4 52.
Qxb4 Bxb4 53. g4 c5 54. g5 c4 55. g6 c3 56. Nd4 Bf8 57. Kg2 Bg7 58. Nc2 d4 59.
Ne1 b6 60. Kf3 bxa5 61. Ke4 Kb6 62. h4 a4 63. Nc2 Kc5 64. Kd3 a3 65. Nxa3 Kb4
66. Nc2+ Kb3 67. h5 Kb2 68. Nxd4 a5 69. Nc2 a4 70. Ne3 Kb3 71. Nc2 Bf8 72. Nd4+
Kb2 73. Nc2 Bh6 74. Ne3 Bxe3 75. g7 c2 76. g8=Q c1=Q 77. Qb8+ Ka3 78. Qf8+ Bc5
79. Qf3 0-1

[Event "33. Open Barbera del Valles 2010"]
[Site "Barbera del Valles ESP"]
[Date "2010.07.07"]
[Round "4.20"]
[White "Subirats Ruiz, Sergi"]
[Black "Sanchez Ibern, Marc"]
[Result "1/2-1/2"]
[WhiteElo "2138"]
[BlackElo "2255"]
[PlyCount "81"]
[EventDate "2010.07.04"]
[EventType "swiss"]
[EventRounds "9"]
[EventCountry "ESP"]
[Source "lmi"]
[SourceDate "2010.07.04"]

1. e4 c5 2. Nf3 d6 3. d4 Nf6 4. Nc3 cxd4 5. Nxd4 Nc6 6. Be3 e5 7. Nb3 Be7 8.
Qd2 O-O 9. O-O-O Ng4 10. Kb1 Be6 11. f4 Nxe3 12. Qxe3 exf4 13. Qxf4 Ne5 14. Be2
Rc8 15. Nd5 a6 16. Rhe1 Bg5 17. Qf2 f5 18. Qa7 Rf7 19. exf5 Bxf5 20. Nd4 Nc6
21. Qb6 Nxd4 22. Qxd8+ Bxd8 23. Rxd4 Rxc2 24. Ka1 Bf6 25. Bc4 Be6 26. Nxf6+
Rxf6 27. Bd3 Rxg2 28. Rxd6 Kf7 29. Be4 Rxh2 30. Bxb7 Re2 31. Red1 Rff2 32. Rxa6
Rd2 33. Rc1 Rc2 34. Rd1 Rxb2 35. Bd5 Bxd5 36. Rxd5 Rbd2 37. Ra7+ Kf6 38. Ra6+
Kf7 39. Ra7+ Kf6 40. Ra6+ Kf7 41. Ra7+ 1/2-1/2

[Event "33. Open Barbera del Valles 2010"]
[Site "Barbera del Valles ESP"]
[Date "2010.07.07"]
[Round "4.21"]
[White "Randazzo, Adrian"]
[Black "Ridameya Tatche, Jose Miguel"]
[Result "1-0"]
[WhiteElo "2243"]
[BlackElo "2060"]
[PlyCount "73"]
[EventDate "2010.07.04"]
[EventType "swiss"]
[EventRounds "9"]
[EventCountry "ESP"]
[Source "lmi"]
[SourceDate "2010.07.04"]

1. e4 e5 2. Nf3 Nc6 3. d4 exd4 4. Nxd4 Qh4 5. Nc3 Bb4 6. Be2 Qxe4 7. Ndb5 Bxc3+
8. bxc3 Kd8 9. O-O a6 10. Nd4 Nxd4 11. cxd4 Nf6 12. Bf3 Qg6 13. c4 d6 14. Qb3
Rb8 15. c5 dxc5 16. dxc5 Be6 17. Rd1+ Kc8 18. Qa3 Bg4 19. Bf4 Bxf3 20. Qxf3 Qg4
21. Qe3 Re8 22. Qc1 Rd8 23. Rxd8+ Kxd8 24. Qd2+ Qd7 25. Qe2 Qe6 26. Rd1+ Kc8
27. Qd2 Qd7 28. Qc2 Qe6 29. h3 Ra8 30. Bg5 h6 31. Bxf6 Qxf6 32. Rb1 Rb8 33. Qh7
Kd7 34. Rd1+ Kc6 35. Qe4+ Kxc5 36. Rd5+ Kb6 37. Qe3+ 1-0

[Event "33. Open Barbera del Valles 2010"]
[Site "Barbera del Valles ESP"]
[Date "2010.07.07"]
[Round "4.22"]
[White "Uribe Arteaga, Daniel"]
[Black "Ezquerro Luque, Albert"]
[Result "1-0"]
[WhiteElo "2233"]
[BlackElo "1981"]
[PlyCount "57"]
[EventDate "2010.07.04"]
[EventType "swiss"]
[EventRounds "9"]
[EventCountry "ESP"]
[Source "lmi"]
[SourceDate "2010.07.04"]

1. b3 d5 2. Bb2 Nf6 3. e3 c5 4. f4 Nc6 5. Nf3 Bf5 6. Bb5 e6 7. Ne5 Qc7 8. Bxc6+
bxc6 9. d3 Bd6 10. g4 Bg6 11. Nd2 Rg8 12. h4 h6 13. Nxg6 fxg6 14. g5 Nh5 15.
Qg4 Qf7 16. O-O-O a5 17. a4 Qf5 18. Qg2 e5 19. fxe5 Bxe5 20. Rhf1 Bxb2+ 21.
Kxb2 Qe5+ 22. d4 Qg3 23. Qe2 Qxh4 24. e4 Qxg5 25. exd5+ Qe7 26. Qc4 O-O-O 27.
dxc6 Rxd4 28. Qxg8+ Rd8 29. Qc4 1-0

[Event "33. Open Barbera del Valles 2010"]
[Site "Barbera del Valles ESP"]
[Date "2010.07.07"]
[Round "4.23"]
[White "Navarrete Espi, Samuel"]
[Black "Ortega Serra, Marc"]
[Result "0-1"]
[WhiteElo "2057"]
[BlackElo "2223"]
[PlyCount "92"]
[EventDate "2010.07.04"]
[EventType "swiss"]
[EventRounds "9"]
[EventCountry "ESP"]
[Source "lmi"]
[SourceDate "2010.07.04"]

1. e4 e6 2. d4 d5 3. Nc3 Nf6 4. e5 Nfd7 5. f4 a6 6. Nf3 c5 7. Be3 Nc6 8. g3 b5
9. a3 Qc7 10. Bg2 cxd4 11. Nxd4 Nb6 12. Nxc6 Qxc6 13. Qd4 Rb8 14. O-O Nc4 15.
Kh1 Nxe3 16. Qxe3 Bc5 17. Qe2 g6 18. g4 a5 19. f5 gxf5 20. gxf5 b4 21. axb4
axb4 22. fxe6 Bxe6 23. Ra6 Rb6 24. Rxb6 Bxb6 25. Nb5 Rg8 26. Nd6+ Ke7 27. Qh5
Rg7 28. Qh6 Rxg2 29. Qf6+ Kd7 30. Kxg2 Qxc2+ 31. Kh1 d4 32. Qf3 Qc6 33. Qxc6+
Kxc6 34. h4 d3 35. Rb1 Bd4 36. Rc1+ Kb6 37. Nc4+ Kb5 38. b3 Bc3 39. Nd6+ Kc5
40. Rd1 Kd4 41. Nc4 Bxc4 42. bxc4 Kxc4 43. Kg2 d2 44. Kf3 Kd3 45. h5 b3 46. h6
b2 0-1

[Event "33. Open Barbera del Valles 2010"]
[Site "Barbera del Valles ESP"]
[Date "2010.07.07"]
[Round "4.24"]
[White "Nicolas Zapata, Irene"]
[Black "Chuturkov, Marinko"]
[Result "1-0"]
[WhiteElo "1962"]
[BlackElo "2145"]
[PlyCount "111"]
[EventDate "2010.07.04"]
[EventType "swiss"]
[EventRounds "9"]
[EventCountry "ESP"]
[Source "lmi"]
[SourceDate "2010.07.04"]

1. d4 Nf6 2. c4 c5 3. d5 b5 4. cxb5 a6 5. bxa6 Nxa6 6. Nc3 g6 7. g3 d6 8. Bg2
Bg7 9. Nf3 O-O 10. O-O Qb6 11. Nd2 Bd7 12. h3 Rfb8 13. Rb1 Nc7 14. b3 Nb5 15.
Nxb5 Bxb5 16. a4 Ba6 17. Re1 Nd7 18. Qc2 Qb4 19. Bf1 Bc3 20. Ba3 Qa5 21. Red1
Bg7 22. Bb2 Bxb2 23. Rxb2 Rb4 24. e4 Ne5 25. f4 Bxf1 26. Rxf1 Nd7 27. Nc4 Qa6
28. a5 Qb7 29. Kh2 Rb8 30. Rf3 Qb5 31. Rc3 Nf6 32. g4 Ne8 33. Ra2 Nc7 34. Ra3
Qa6 35. Ra4 R4b7 36. Qd3 Qa8 37. Nb6 Qa7 38. g5 Rxb6 39. axb6 Qxb6 40. Rc1 c4
41. Raxc4 Nb5 42. Rc8+ Rxc8 43. Rxc8+ Kg7 44. Rc2 h5 45. gxh6+ Kxh6 46. Rg2 Na3
47. Qe3 Qb4 48. f5+ Kg7 49. fxg6 f6 50. Qg3 Qb8 51. Rf2 Qb4 52. Rg2 Qb5 53. Qe3
Qb4 54. h4 f5 55. h5 Kf6 56. g7 1-0

[Event "33. Open Barbera del Valles 2010"]
[Site "Barbera del Valles ESP"]
[Date "2010.07.07"]
[Round "4.25"]
[White "Nunez Lucero, Francisco"]
[Black "Capellades Subirana, Marc"]
[Result "1/2-1/2"]
[WhiteElo "2178"]
[BlackElo "2268"]
[PlyCount "163"]
[EventDate "2010.07.04"]
[EventType "swiss"]
[EventRounds "9"]
[EventCountry "ESP"]
[Source "lmi"]
[SourceDate "2010.07.04"]

1. e4 e5 2. Nf3 Nc6 3. Bc4 Bc5 4. b4 Bxb4 5. c3 Be7 6. d4 Bf6 7. dxe5 Bxe5 8.
Bxf7+ Kxf7 9. Qd5+ Kf8 10. Nxe5 Nxe5 11. Qxe5 d6 12. Qd4 Qf6 13. Ba3 Ne7 14.
O-O Qxd4 15. cxd4 b6 16. Rc1 c5 17. Nc3 Bd7 18. dxc5 dxc5 19. Rd1 Bc6 20. Rd6
Rc8 21. Rad1 Ng6 22. Bc1 Ne5 23. f4 Nf7 24. Re6 Be8 25. f5 Rd8 26. Nd5 Bb5 27.
f6 Rg8 28. Bb2 gxf6 29. Bxf6 Rd7 30. Be7+ Kg7 31. Bf6+ Kf8 32. Be7+ Kg7 33. Re1
Nd8 34. Re5 Nc6 35. Rg5+ Kf7 36. Rf5+ Ke6 37. Bh4 Nd4 38. Nf6 Rdg7 39. Nxg8
Rxg8 40. Rf6+ Kd7 41. Kf2 Bc4 42. Rc1 Be6 43. h3 Re8 44. Rh6 Bg8 45. Re1 Kc8
46. Bf6 Nc2 47. Re2 Nb4 48. a3 Nd3+ 49. Ke3 Nc1 50. Rb2 Nb3 51. Bc3 b5 52. Rf2
a5 53. Rhf6 b4 54. Bb2 c4 55. axb4 axb4 56. Rb6 Bd5 57. e5 c3 58. Rxb4 Rxe5+
59. Kf4 cxb2 60. Rxb2 Re7 61. R4xb3 Rf7+ 62. Kg3 Rg7+ 63. Kh2 Bxb3 64. Rxb3 Rd7
65. Re3 Kd8 66. Kg3 Rg7+ 67. Kf3 Kd7 68. g4 h5 69. gxh5 Rg5 70. h4 Rxh5 71. Kg4
Rh8 72. Kg5 Re8 73. Rf3 Rg8+ 74. Kh5 Ke7 75. Rf4 Rf8 76. Ra4 Kf6 77. Ra6+ Kg7
78. Kg5 Rf7 79. h5 Rb7 80. h6+ Kh7 81. Rc6 Rb5+ 82. Kg4 1/2-1/2

[Event "33. Open Barbera del Valles 2010"]
[Site "Barbera del Valles ESP"]
[Date "2010.07.07"]
[Round "4.26"]
[White "Do Santos Julio, Joao Manuel"]
[Black "Costa Trave, Jaume"]
[Result "1-0"]
[WhiteElo "2122"]
[BlackElo "2084"]
[PlyCount "91"]
[EventDate "2010.07.04"]
[EventType "swiss"]
[EventRounds "9"]
[EventCountry "ESP"]
[Source "lmi"]
[SourceDate "2010.07.04"]

1. e4 b6 2. c4 Bb7 3. Nc3 d6 4. d4 e6 5. Nf3 Nd7 6. Bd3 c5 7. d5 e5 8. O-O Be7
9. Be3 a6 10. h3 h6 11. Ne2 Nf8 12. Ng3 g6 13. Qd2 h5 14. Nh2 h4 15. Ne2 g5 16.
b4 Ng6 17. Qb2 Bc8 18. a4 a5 19. bxc5 bxc5 20. Rab1 Nf4 21. Nxf4 gxf4 22. Bxf4
Bd7 23. Bc2 Rh7 24. Be3 Rg7 25. Kh1 Qc8 26. Qb7 Nf6 27. Qxc8+ Rxc8 28. Nf3 Nh5
29. Rb7 Kd8 30. Rfb1 Rc7 31. Bd2 Rxb7 32. Rxb7 Kc8 33. Ra7 Nf4 34. Bxf4 exf4
35. e5 Kd8 36. Rxa5 Bc8 37. Ra7 Bf8 38. a5 f6 39. Rxg7 Bxg7 40. e6 f5 41. Nxh4
Bc3 42. Ba4 Bxa5 43. Nxf5 Kc7 44. g4 Bc3 45. g5 Ba6 46. e7 1-0

[Event "33. Open Barbera del Valles 2010"]
[Site "Barbera del Valles ESP"]
[Date "2010.07.08"]
[Round "5.2"]
[White "Iturrizaga, Eduardo"]
[Black "Almeida Quintana, Omar"]
[Result "1-0"]
[WhiteElo "2614"]
[BlackElo "2559"]
[PlyCount "193"]
[EventDate "2010.07.04"]
[EventType "swiss"]
[EventRounds "9"]
[EventCountry "ESP"]
[Source "lmi"]
[SourceDate "2010.07.04"]

1. d4 g6 2. Nf3 Bg7 3. c4 d6 4. Nc3 Bg4 5. g3 Bxf3 6. exf3 Nf6 7. Be3 c6 8. Be2
d5 9. Qb3 Qb6 10. O-O O-O 11. Rfc1 e6 12. Qd1 Nbd7 13. c5 Qc7 14. f4 Rfd8 15.
b4 Kh8 16. b5 Ng8 17. Rab1 Ne7 18. bxc6 bxc6 19. Bd3 Rab8 20. Ne2 Qa5 21. Bd2
Qa3 22. Rc3 Qa5 23. Rcb3 Qc7 24. Qe1 Rxb3 25. axb3 Rb8 26. Ba6 Nf6 27. f3 Ne8
28. b4 Qd7 29. Bd3 Nc7 30. g4 Nb5 31. Be3 Qb7 32. Ra1 Qd7 33. Ra5 Bf6 34. Qa1
Rb7 35. Kg2 Kg8 36. Nc1 Nc8 37. Nb3 Bd8 38. Ra6 Nc7 39. Ra4 Nb5 40. Nc1 Bc7 41.
Ne2 Bb8 42. Qe1 Bc7 43. Qa1 Bb8 44. Nc3 Nc7 45. Qe1 Ne7 46. h3 Kg7 47. Qh4 Ng8
48. Ne2 Qe7 49. Qe1 Nb5 50. Ra1 Qd8 51. Nc1 Ne7 52. Qh4 Bc7 53. Qe1 Nc8 54. Ra6
Qd7 55. Ne2 Bb8 56. h4 Ne7 57. Qd2 Ng8 58. Ng3 f5 59. h5 Nf6 60. hxg6 hxg6 61.
g5 Ng8 62. Qe1 Kf8 63. Ne2 Nc7 64. Ra1 Nb5 65. Nc3 Nc7 66. Ra4 Ne7 67. Bd2 Nc8
68. Qe5 Qg7 69. Ne2 Kf7 70. Ra1 Nb5 71. Qe3 Ne7 72. Re1 Nc7 73. Nc1 e5 74. fxe5
Ne6 75. Ne2 Bc7 76. Ra1 Rb8 77. Nf4 Rh8 78. Nxe6 Kxe6 79. Rxa7 Qh7 80. Qg1 Bb8
81. Ra1 Qh3+ 82. Kf2 Rh4 83. Bf1 Qh2+ 84. Qxh2 Rxh2+ 85. Bg2 f4 86. Bxf4 Rh4
87. Be3 Nf5 88. Rh1 Bxe5 89. Rxh4 Bg3+ 90. Ke2 Nxe3 91. Bh3+ Kf7 92. Rh7+ Kg8
93. Rh6 Nc2 94. Rxg6+ Kh7 95. Rf6 Nxd4+ 96. Kd3 Be5 97. Rh6+ 1-0

[Event "33. Open Barbera del Valles 2010"]
[Site "Barbera del Valles ESP"]
[Date "2010.07.08"]
[Round "5.4"]
[White "Gonzalez Vidal, Yuri"]
[Black "Gongora Reyes, Maikel"]
[Result "1/2-1/2"]
[WhiteElo "2522"]
[BlackElo "2451"]
[PlyCount "86"]
[EventDate "2010.07.04"]
[EventType "swiss"]
[EventRounds "9"]
[EventCountry "ESP"]
[Source "lmi"]
[SourceDate "2010.07.04"]

1. e4 c5 2. Nf3 e6 3. d4 cxd4 4. Nxd4 a6 5. Bd3 Bc5 6. Nb3 Be7 7. Be3 d6 8.
N1d2 Nf6 9. f4 Nc6 10. Qf3 Nb4 11. O-O Bd7 12. Rfc1 Rc8 13. Nc4 O-O 14. Nb6 Rc7
15. a3 Nxd3 16. cxd3 Bb5 17. Rxc7 Qxc7 18. Rc1 Qb8 19. Bd4 e5 20. Bf2 Rd8 21.
a4 Be8 22. Na5 h6 23. Nac4 exf4 24. Qxf4 Nd7 25. Qg3 Nxb6 26. Nxb6 Bc6 27. Bd4
Bf8 28. b3 Re8 29. h4 Qd8 30. Rf1 Qe7 31. Rf4 Qe6 32. b4 Kh7 33. b5 axb5 34.
axb5 Bxb5 35. Nd5 Qd7 36. Qf3 Kg8 37. Rg4 Kh7 38. Qg3 f6 39. h5 Qf7 40. Rg6 Re6
41. Nf4 Re8 42. Nd5 Re6 43. Nf4 Re8 1/2-1/2

[Event "33. Open Barbera del Valles 2010"]
[Site "Barbera del Valles ESP"]
[Date "2010.07.08"]
[Round "5.5"]
[White "Gomez Jurado, Luis Alberto"]
[Black "Ipatov, Alexander"]
[Result "0-1"]
[WhiteElo "2287"]
[BlackElo "2507"]
[PlyCount "78"]
[EventDate "2010.07.04"]
[EventType "swiss"]
[EventRounds "9"]
[EventCountry "ESP"]
[Source "lmi"]
[SourceDate "2010.07.04"]

1. d4 Nf6 2. c4 g6 3. Nf3 Bg7 4. g3 O-O 5. Bg2 d5 6. cxd5 Nxd5 7. O-O Nb6 8.
Nc3 Nc6 9. e3 Re8 10. h3 a5 11. Qc2 a4 12. Rd1 Bd7 13. e4 Qc8 14. Kh2 a3 15.
bxa3 e5 16. dxe5 Nxe5 17. Nxe5 Rxe5 18. Bb2 Rc5 19. Qd3 Nc4 20. Qxd7 Nxb2 21.
Qxc8+ Rxc8 22. Nd5 Nxd1 23. Rxd1 Ra8 24. Rd3 Rc2 25. f4 Bf8 26. e5 Rxa3 27.
Nf6+ Kg7 28. Ne8+ Kh8 29. Rxa3 Bxa3 30. g4 Bc1 31. Kg3 Bxf4+ 32. Kxf4 Rxg2 33.
Nxc7 Rxa2 34. Kg5 Kg7 35. Ne8+ Kf8 36. Nf6 Re2 37. Kh6 b5 38. Kxh7 b4 39. Kh8
b3 0-1

[Event "33. Open Barbera del Valles 2010"]
[Site "Barbera del Valles ESP"]
[Date "2010.07.08"]
[Round "5.6"]
[White "Oms Pallisse, Josep"]
[Black "Aloma Vidal, Robert"]
[Result "1-0"]
[WhiteElo "2494"]
[BlackElo "2445"]
[PlyCount "167"]
[EventDate "2010.07.04"]
[EventType "swiss"]
[EventRounds "9"]
[EventCountry "ESP"]
[Source "lmi"]
[SourceDate "2010.07.04"]

1. c4 Nf6 2. Nc3 g6 3. d4 Bg7 4. e4 d6 5. Be2 O-O 6. Nf3 e5 7. O-O Nc6 8. d5
Ne7 9. Nd2 a5 10. Rb1 Nd7 11. a3 f5 12. b4 Kh8 13. Qc2 axb4 14. axb4 Nf6 15. f3
c6 16. Kh1 Nh5 17. Nb3 cxd5 18. cxd5 Ng8 19. Be3 Bh6 20. Bxh6 Nxh6 21. Qd2 Qh4
22. Kg1 Nf6 23. Nb5 Ne8 24. Bd3 Bd7 25. Na5 Rb8 26. Rbc1 Kg7 27. Nc7 Qd8 28.
Nxe8+ Bxe8 29. Qe3 Rf7 30. Nc4 b6 31. Ra1 b5 32. Na5 Rc8 33. Rfc1 Rxc1+ 34.
Rxc1 fxe4 35. Bxe4 Nf5 36. Bxf5 gxf5 37. Nc6 Qh4 38. g3 Qf6 39. f4 e4 40. Nd4
Bd7 41. Rc7 h5 42. Nc2 Be8 43. Rc8 Re7 44. Kf2 h4 45. Qc3 hxg3+ 46. hxg3 Qxc3
47. Rxc3 Ra7 48. Ra3 Rxa3 49. Nxa3 Kf6 50. Ke3 Kg6 51. Nc2 Kh5 52. Kf2 Kg6 53.
Ke1 Kf6 54. Nd4 Bd7 55. Kf2 Kg6 56. Ke3 Kh5 57. Nc6 Kg6 58. Nd4 Kh5 59. Kf2 Kg6
60. Kg2 Kf6 61. Kh3 Be8 62. Kg2 Bd7 63. Nc2 Be8 64. Ne3 Bh5 65. Kf2 Bf7 66. g4
fxg4 67. Kg3 Be8 68. Kxg4 Bd7+ 69. Kg3 Be8 70. Kh4 Bd7 71. Kh5 Bc8 72. Kh4 Bd7
73. Kg3 Kg6 74. Nc2 Be8 75. Nd4 Bf7 76. Nxb5 Bxd5 77. Kf2 Kf6 78. Nxd6 Ke6 79.
Nb5 Bc4 80. Nc3 Kf5 81. Ke3 Bd3 82. b5 Ke6 83. b6 Kd7 84. b7 1-0

[Event "33. Open Barbera del Valles 2010"]
[Site "Barbera del Valles ESP"]
[Date "2010.07.08"]
[Round "5.7"]
[White "Cabrera, Alexis"]
[Black "Lorenzo De La Riva, Lazaro"]
[Result "1-0"]
[WhiteElo "2533"]
[BlackElo "2407"]
[PlyCount "257"]
[EventDate "2010.07.04"]
[EventType "swiss"]
[EventRounds "9"]
[EventCountry "ESP"]
[Source "lmi"]
[SourceDate "2010.07.04"]

1. e4 c5 2. Nf3 d6 3. d4 cxd4 4. Nxd4 Nf6 5. Nc3 Nc6 6. Bg5 Bd7 7. Qd2 Rc8 8.
f4 Nxd4 9. Qxd4 Qa5 10. e5 dxe5 11. fxe5 e6 12. O-O-O Bc6 13. Bb5 Nd5 14. Nxd5
Bxb5 15. Qxa7 Bb4 16. Qxa5 Bxa5 17. Ne3 h6 18. Bh4 Be2 19. Rd6 Bb4 20. Rb6 Bc5
21. Rb3 O-O 22. Re1 Ba6 23. Rc3 b5 24. Nd1 Bb4 25. Rxc8 Rxc8 26. Re2 Bb7 27. a3
Ba5 28. b4 Bb6 29. Bf2 Bd8 30. Bd4 Bd5 31. Kb2 Rc4 32. c3 Bg5 33. Rf2 h5 34. g3
h4 35. Rf1 hxg3 36. hxg3 Rc8 37. Nf2 f5 38. exf6 gxf6 39. Ng4 f5 40. Ne5 Rc7
41. Nf3 Bh6 42. Bc5 Rb7 43. a4 bxa4 44. Ka3 Bg7 45. Bd4 Rc7 46. Ne5 Bb3 47. Re1
Bf6 48. b5 Be7+ 49. Kb2 Bd6 50. b6 Rh7 51. c4 Bxe5 52. Bxe5 Bxc4 53. Ka3 Bd5
54. Kxa4 Rh2 55. Rc1 Re2 56. Rc8+ Kf7 57. Rc7+ Kg6 58. Bc3 Re3 59. Kb4 Kh5 60.
Rg7 e5 61. b7 Bxb7 62. Rxb7 Rxg3 63. Bxe5 Re3 64. Bd4 Re4 65. Kc3 Kg4 66. Kd3
Re8 67. Rg7+ Kf3 68. Bb6 Re5 69. Rg6 Rb5 70. Bd4 Rb3+ 71. Bc3 Rb7 72. Rg1 Rd7+
73. Bd4 Re7 74. Rf1+ Kg4 75. Bc3 Re4 76. Bd2 Ra4 77. Ke2 f4 78. Rg1+ Kf5 79.
Rg8 Ra2 80. Rf8+ Kg5 81. Kd3 Ra4 82. Bc3 Kg4 83. Ke2 Ra2+ 84. Bd2 Ra4 85. Kf2
Rd4 86. Rg8+ Kf5 87. Ke2 Ra4 88. Rc8 Kg4 89. Kf2 Rd4 90. Bc1 Rb4 91. Bd2 Rd4
92. Bc3 Ra4 93. Rg8+ Kf5 94. Kf3 Rc4 95. Rf8+ Ke6 96. Bd2 Ra4 97. Bxf4 Ra3+ 98.
Be3 Ra4 99. Rd8 Ke5 100. Bc1 Ke6 101. Bf4 Ra6 102. Kg4 Rb6 103. Kg5 Ra6 104.
Rd1 Ra5+ 105. Kg6 Ra4 106. Re1+ Kd5 107. Kf5 Rd4 108. Re8 Kc4 109. Be3 Rh4 110.
Bf4 Rh1 111. Ke4 Rh5 112. Rd8 Rc5 113. Be5 Rc6 114. Rd2 Rh6 115. Rc2+ Kb3 116.
Rc3+ Kb4 117. Rc7 Rh4+ 118. Kd5 Kb3 119. Rc3+ Kb4 120. Rc2 Kb5 121. Rg2 Rh5
122. Rb2+ Ka4 123. Kc4 Ka5 124. Bd4 Ka6 125. Rb6+ Ka5 126. Rg6 Rh4 127. Re6 Rg4
128. Rh6 Rf4 129. Rh7 1-0

[Event "33. Open Barbera del Valles 2010"]
[Site "Barbera del Valles ESP"]
[Date "2010.07.08"]
[Round "5.8"]
[White "Abreu Delgado, Aryam"]
[Black "Rahal, Michael A"]
[Result "1/2-1/2"]
[WhiteElo "2474"]
[BlackElo "2344"]
[PlyCount "78"]
[EventDate "2010.07.04"]
[EventType "swiss"]
[EventRounds "9"]
[EventCountry "ESP"]
[Source "lmi"]
[SourceDate "2010.07.04"]

1. e4 e6 2. d4 d5 3. Nc3 dxe4 4. Nxe4 Bd7 5. Nf3 Bc6 6. Bd3 Nd7 7. O-O Ngf6 8.
Ng3 Be7 9. Re1 O-O 10. c3 Re8 11. Bf4 Bxf3 12. Qxf3 c6 13. Rad1 Qb6 14. Bc1
Rad8 15. Bc2 Qa5 16. a3 Nf8 17. Ne4 Nxe4 18. Rxe4 Ng6 19. g3 c5 20. h4 cxd4 21.
Rexd4 Rxd4 22. Rxd4 Qc7 23. h5 Nf8 24. Rg4 f5 25. Ra4 Bc5 26. Bb3 Nd7 27. Be3
h6 28. Qxf5 Bxe3 29. Bxe6+ Kh8 30. Bxd7 Qxg3+ 31. Kf1 Bxf2 32. Bxe8 Qg1+ 33.
Ke2 Qe1+ 34. Kf3 Qe3+ 35. Kg2 Qg3+ 36. Kf1 Qg1+ 37. Ke2 Qe1+ 38. Kf3 Qe3+ 39.
Kg2 Qg3+ 1/2-1/2

[Event "33. Open Barbera del Valles 2010"]
[Site "Barbera del Valles ESP"]
[Date "2010.07.08"]
[Round "5.9"]
[White "Grafl, Florian"]
[Black "Huerga Leache, Mikel"]
[Result "0-1"]
[WhiteElo "2416"]
[BlackElo "2424"]
[PlyCount "110"]
[EventDate "2010.07.04"]
[EventType "swiss"]
[EventRounds "9"]
[EventCountry "ESP"]
[Source "lmi"]
[SourceDate "2010.07.04"]

1. e4 e6 2. b3 d5 3. Bb2 Nf6 4. e5 Ng8 5. d4 c5 6. c3 Nc6 7. f4 Nh6 8. Nf3 Nf5
9. Qd2 cxd4 10. cxd4 Qb6 11. Qf2 Qa5+ 12. Bc3 Bb4 13. Qd2 Qb6 14. Bxb4 Nxb4 15.
Na3 Qa5 16. Nb5 Bd7 17. Nc3 Ne3 18. Kf2 Nbc2 19. Bd3 Rc8 20. Bxc2 Nxc2 21. Qxc2
Rxc3 22. Qb2 O-O 23. Rhc1 Rfc8 24. Rxc3 Rxc3 25. Rd1 Bb5 26. Ne1 Rc6 27. a4 Ba6
28. Rc1 Qb4 29. Rxc6 bxc6 30. Nf3 Bc4 31. Nd2 c5 32. Ke3 Ba6 33. dxc5 Qxc5+ 34.
Qd4 Qc1 35. Kf2 Qc2 36. Kg3 h6 37. Qe3 Bd3 38. Nf3 Bf1 39. Qf2 Qg6+ 40. Kh3
Qf5+ 41. Kg3 Qg6+ 42. Kh3 Bd3 43. g3 Qf5+ 44. Kg2 Qe4 45. Kh3 Qf5+ 46. Kg2 Qe4
47. Kh3 Qf5+ 48. Kg2 Qe4 49. Kh3 g5 50. fxg5 Be2 51. Nd2 Bg4+ 52. Kh4 hxg5+ 53.
Kxg5 Qg6+ 54. Kf4 Qf5+ 55. Ke3 d4+ 0-1

[Event "33. Open Barbera del Valles 2010"]
[Site "Barbera del Valles ESP"]
[Date "2010.07.08"]
[Round "5.10"]
[White "Perez Mitjans, Orelvis"]
[Black "Perpinya Rofes, Lluis Maria"]
[Result "1-0"]
[WhiteElo "2424"]
[BlackElo "2344"]
[PlyCount "55"]
[EventDate "2010.07.04"]
[EventType "swiss"]
[EventRounds "9"]
[EventCountry "ESP"]
[Source "lmi"]
[SourceDate "2010.07.04"]

1. e4 c5 2. Ne2 Nc6 3. c4 g6 4. d4 cxd4 5. Nxd4 Bg7 6. Nc2 d6 7. Be2 Nf6 8. Nc3
Nd7 9. Bd2 O-O 10. O-O Nc5 11. f3 a5 12. Be3 f5 13. exf5 Bxf5 14. Nd4 Bd7 15.
Re1 Rc8 16. Bf1 Ne6 17. Ndb5 Ne5 18. b3 Nf4 19. Qd2 g5 20. Rad1 Bc6 21. Nd4 Bd7
22. Nd5 Neg6 23. Ne2 Be5 24. Nexf4 Nxf4 25. Bb6 Qe8 26. Rxe5 dxe5 27. Nxf4 Bc6
28. Nd5 1-0

[Event "33. Open Barbera del Valles 2010"]
[Site "Barbera del Valles ESP"]
[Date "2010.07.08"]
[Round "5.11"]
[White "Cruz Lledo, Pablo"]
[Black "Matnadze, Ana"]
[Result "1/2-1/2"]
[WhiteElo "2239"]
[BlackElo "2422"]
[PlyCount "75"]
[EventDate "2010.07.04"]
[EventType "swiss"]
[EventRounds "9"]
[EventCountry "ESP"]
[Source "lmi"]
[SourceDate "2010.07.04"]

1. d4 Nf6 2. c4 e6 3. Nc3 Bb4 4. Qc2 d5 5. cxd5 Qxd5 6. Nf3 Qf5 7. Qb3 c5 8. a3
Ba5 9. Qc4 Nbd7 10. b4 cxb4 11. axb4 Bd8 12. Nb5 Ne4 13. e3 O-O 14. Bd3 Ndf6
15. O-O Bd7 16. Ne5 Rc8 17. Qb3 Bxb5 18. Bxb5 Bc7 19. Bd3 Bxe5 20. dxe5 Qxe5
21. Bb2 Qh5 22. Bxf6 Nxf6 23. Rxa7 b6 24. Qb2 Rfd8 25. Be2 Qf5 26. Bf3 h5 27.
Rc1 Ng4 28. Rxc8 Rxc8 29. Ra8 Rxa8 30. Bxa8 Ne5 31. h3 Nd3 32. Qd2 g6 33. Bc6
Ne5 34. Qd8+ Kg7 35. Qxb6 Qb1+ 36. Kh2 Nxc6 37. Qxc6 Qxb4 38. Qf3 1/2-1/2

[Event "33. Open Barbera del Valles 2010"]
[Site "Barbera del Valles ESP"]
[Date "2010.07.08"]
[Round "5.12"]
[White "Vilela De Acuna, Jose Luis"]
[Black "Munoz Pantoja, Miguel"]
[Result "1/2-1/2"]
[WhiteElo "2329"]
[BlackElo "2494"]
[PlyCount "39"]
[EventDate "2010.07.04"]
[EventType "swiss"]
[EventRounds "9"]
[EventCountry "ESP"]
[Source "lmi"]
[SourceDate "2010.07.04"]

1. Nf3 c5 2. c4 Nc6 3. d4 Nf6 4. Nc3 g6 5. g3 Bg7 6. Bg2 O-O 7. dxc5 Qa5 8. O-O
Qxc5 9. b3 d6 10. h3 Rd8 11. Be3 Qa5 12. Bd2 Qb6 13. e4 e6 14. Re1 Bd7 15. Be3
Qa5 16. Bd2 Qb6 17. Be3 Qa5 18. Bd2 Qb6 19. Be3 Qa5 20. Bd2 1/2-1/2

[Event "33. Open Barbera del Valles 2010"]
[Site "Barbera del Valles ESP"]
[Date "2010.07.08"]
[Round "5.14"]
[White "Tarrago Antoni, Maurici"]
[Black "Mihailovs, Jurijs"]
[Result "0-1"]
[WhiteElo "2258"]
[BlackElo "2405"]
[PlyCount "76"]
[EventDate "2010.07.04"]
[EventType "swiss"]
[EventRounds "9"]
[EventCountry "ESP"]
[Source "lmi"]
[SourceDate "2010.07.04"]

1. Nf3 c5 2. c4 Nf6 3. Nc3 b6 4. g3 Bb7 5. Bg2 g6 6. O-O Bg7 7. d4 cxd4 8. Qxd4
d6 9. Qh4 h6 10. Rd1 Nbd7 11. Nd4 Bxg2 12. Kxg2 Rc8 13. b3 Rc5 14. g4 Qa8+ 15.
f3 a6 16. Na4 Rc8 17. Be3 e5 18. Nc2 b5 19. Nb2 d5 20. Rac1 bxc4 21. bxc4 d4
22. Bf2 O-O 23. e3 Rb8 24. Rb1 d3 25. Nxd3 Rxb1 26. Rxb1 e4 27. Nde1 exf3+ 28.
Nxf3 Qe4 29. Rc1 Ne5 30. Nce1 Nfxg4 31. h3 g5 32. Qg3 Nxf2 33. Kxf2 Nxc4 34.
Ng2 Nb2 35. Nge1 Re8 36. Nd2 Qd5 37. Nb3 Nd1+ 38. Rxd1 Qxd1 0-1